00445cam a2200169ua 4500001000500000005001700005008003900022040000900061082001300070100001900083245005400102250000900156260003600165300001700201653002000218653003700238401220260515113753.0111213n ii |||gr||||Z||||||asm cMAIN a891.4511 aSaikia, Nagen,11aAsamiya kavita aru anyanya bisaycby Nagen Saikia a1st. aGuwahati:bChandra prakash,996. a123p:c23cm. aAssamese poetry aAsamiya kavita aru anyanya bisay